| 000 | 00815nam a2200229 a 4500 | ||
|---|---|---|---|
| 001 | BRCA_3749 | ||
| 005 | 20190320204417.0 | ||
| 008 | 211009s2003----nyua---###---#000-0#eng-# | ||
| 020 | _a1892535114 | ||
| 041 | _aeng | ||
| 044 | _anyu | ||
| 050 | 4 |
_aTR395 _b.K73 2003 |
|
| 100 | 1 |
_aKraus, Hans P. _cJr. _99772 |
|
| 245 | 1 | 0 |
_aSun Pictures _bCatalogue Twelve : Talbot and Photogravure _cHans P. Kraus ; text by Larry J. Schaaf. |
| 260 |
_aNew York _bHans P. Kraus, Jr., Inc. _cc2003 |
||
| 300 |
_a69 p. _bil. (algunas a color) _c28 cm. |
||
| 500 | _aCatálogo de la exposición realizada en la Galería Hans P. Kraus, Jr., Inc., 9 octubre - 21 noviembre, 2003 | ||
| 504 | _aIncluye referencias bibliográficas | ||
| 650 | 1 | 4 |
_aCalotipo _vCatálogos _99773 |
| 700 | 1 |
_aSchaaf, Larry J. _d1947- _99774 |
|
| 942 |
_2lcc _cB |
||
| 999 |
_c3478 _d3478 |
||